Statistics for Most Visited Tourist Attractions in the UK

Click here to take the quiz!

General Stats

  • This quiz has been taken 47 times
  • The average score is 11 of 20

Answer Stats

Answer % Correct
{Tower} of London
88%
Stonehenge
78%
Tate {Modern}
78%
{Royal} Museums
Greenwich
69%
{National} Gallery
69%
{St} {Paul's} Cathedral
69%
{Natural} {History}
Museum
66%
{British} Museum
63%
Westminster Abbey
59%
{Royal} {Albert} Hall
59%
Edinburgh Castle
53%
Chester Zoo
53%
{Scottish} National Gallery
53%
{Science} Museum
50%
{Victoria} {and} {Albert}
Museum
50%
{National} {Museum}
of Scotland
50%
{Southbank} Centre
41%
{Somerset} House
34%
{Royal} {Botanic}
Gardens, Kew
31%
Tate {Britain}
25%

Score Distribution

Percentile by Number Answered

Percent of People with Each Score

Your Score History

You have not taken this quiz